000 00447nam a2200181Ia 4500
001 21395
005 20260306172916.0
008 260306t2016||||xx |||||||||||||| ||spa||
041 _aESP
082 _a344.83
_bG23 V. 3
100 _aGarcía Cavero, Percy
_eAUT
245 0 _aDerecho penal económico:
_bparte especial
260 _c2016
300 _a1855 páginas :
_c25 cm.
650 _aGEN
654 _aCDE
942 _cLIB
_dJUS
_fJUS
_2ddc
_n
999 _c21395
_d21395